000 01950nam a2200433 a 4500
001 00003808
003 DO-SdBNP
005 20170207101614.0
007 00003808
008 150130s2012 dr ac 000 0 spa d
020 _a9789945173932
040 _aBPMSU
_bspa
_cBPMSU
082 0 4 _a372.6561
_bL566e 3ro. 2012
245 0 0 _aLengua española 3 :
_beducación básica /
_ccoordinación editorial Anna Rogero Soler ; edición Mónica M. Rivera Colón ; ilustraciones Victoria Assanelli.
260 _aSanto Domingo :
_bSM,
_c2012.
300 _a199 p. :
_bil., retrs. ;
_c29 cm.
490 1 _aProyecto Sé
500 _aEste libro ha sido realizado de acuerdo al currículo vigente y ha sido sometido a la aprobación del Ministerio de Educación
505 1 _tSoy importante --
_tMe comunico con los demás --
_tMe encanta el mundo animal --
_tPongo todo mi esfuerzo --
_tMi país y sus paisajes --
_tMi cultura --
_tLugares imaginarios --
_tDebajo de las olas --
_tComparto lo que sé --
_tLas artes: domingo, lunes, martes...
_tLeo, leo ¿qué lees?.
650 4 _aESPAÑOL
_xENSEÑANZA BÁSICA
650 4 _aESPAÑOL
_xEDUCACIÓN PRIMARIA
650 4 _aESPAÑOL
_xESTUDIOS Y EJERCICIOS
650 4 _aESPAÑOL
_xLIBROS DE TEXTOS
650 4 _aEDUCACIÓN PRIMARIA
_zREPÚBLICA DOMINICANA
700 1 _aRogero Soler, Anna,
_eed.
700 1 _aRivera Colón, Mónica M.,
_eed.
700 1 _aAssanelli, Victoria,
_eil.
710 1 _aRepública Dominicana.
_bMinisterio de Educación.
830 0 _aProyecto Sé
910 _aValidado. Control de calidad MFF
930 1 _lBND01
_mLF1
_820091125
_f01
_pOI
_g8374
930 1 _lBND01
_mLF1
_820091125
_f01
_pHD
_g8373
930 1 _lBND01
_mLF1
_820091125
_f01
_pOI
_g8373
942 _2ddc
_cBK
956 _aJPARRA
_b10
_c20091125
_lBND01
_h1005
956 _aYLOCKWARD
_b10
_c20150803
_lBND01
_h1349
956 _aVMATEO
_b10
_c20150805
_lBPMSU
_h00151
956 _aLOPEREZ
_b10
_c20160401
_lBPMSU
_h0041
999 _c9500
_d9500